[Event "Sterling Cherry Blossom op 12th"]
[Site "Sterling"]
[Date "2025.05.25"]
[Round "6"]
[White "Abraham, John Z"]
[Black "Su, Jasmine Zhixin"]
[Result "1/2-1/2"]
[WhiteElo "2100"]
[BlackElo "2160"]
[PlyCount "61"]
[EventDate "2025.05.22"]
[EventType "swiss"]
[EventRounds "9"]
[EventCountry "USA"]
[SourceTitle "CB22_2025"]
[SourceDate "2025.05.28"]
[SourceVersion "1"]
[SourceVersionDate "2025.05.28"]
[SourceQuality "1"]

1. d4 Nf6 2. c4 g6 3. Nc3 d5 4. Nf3 Bg7 5. Bg5 Ne4 6. Bf4 Nxc3 7. bxc3 c5 8. e3 0-0 9. cxd5 cxd4 10. cxd4 Qxd5 11. Be2 Nc6 12. 0-0 Bf5 13. Qa4 Qa5 14. Qxa5 Nxa5 15. Rfc1 Rfc8 16. h3 Rxc1+ 17. Rxc1 Rc8 18. Rxc8+ Bxc8 19. d5 Bc3 20. Nd4 a6 21. Bc7 Bd7 22. Bb6 e6 23. dxe6 fxe6 24. e4 e5 25. Nb3 Nxb3 26. Bc4+ Kf8 27. axb3 Ke7 28. Bd5 Bc6 29. Bxc6 bxc6 30. Bc5+ Ke6 31. Kf1 1/2-1/2

[Event "Sterling Cherry Blossom op 12th"]
[Site "Sterling"]
[Date "2025.05.25"]
[Round "7"]
[White "Su, Jasmine Zhixin"]
[Black "Pang, Qi"]
[Result "1-0"]
[WhiteElo "2160"]
[BlackElo "2274"]
[PlyCount "143"]
[EventDate "2025.05.22"]
[EventType "swiss"]
[EventRounds "9"]
[EventCountry "USA"]
[SourceTitle "CB22_2025"]
[SourceDate "2025.05.28"]
[SourceVersion "1"]
[SourceVersionDate "2025.05.28"]
[SourceQuality "1"]

1. e4 e5 2. Nf3 Nc6 3. Bc4 Bc5 4. c3 Nf6 5. d3 d6 6. 0-0 Bb6 7. Re1 0-0 8. h3 Ne7 9. d4 Ng6 10. Nbd2 h6 11. Bd3 c6 12. Nf1 Re8 13. Ng3 Bc7 14. Qc2 Nh7 15. Be3 Ng5 16. Nxg5 hxg5 17. Rad1 Nf4 18. Be2 Nxe2+ 19. Qxe2 Qf6 20. dxe5 dxe5 21. Rd3 Be6 22. b3 Qe7 23. Qd2 Rad8 24. Rd1 Rxd3 25. Qxd3 Rd8 26. Qe2 Rxd1+ 27. Qxd1 Qa3 28. Qc2 f6 29. Bc1 Qd6 30. Nf1 b5 31. Ne3 a5 32. c4 Bb6 33. Bd2 Qc5 34. cxb5 Qxc2 35. Nxc2 cxb5 36. Be3 Bxe3 37. Nxe3 Kf7 38. Kf1 Ke7 39. Ke2 Kd6 40. Kd3 Kc5 41. f3 b4 42. Nf1 a4 43. Nd2 Bf7 44. g3 Be6 45. h4 g4 46. bxa4 Bxa2 47. fxg4 Be6 48. g5 fxg5 49. hxg5 Ba2 50. g6 Be6 51. Nf3 Bc4+ 52. Kc2 Kd6 53. Nd2 Be6 54. a5 Kc5 55. Nf3 Kb5 56. Nxe5 Kxa5 57. Nc6+ Ka4 58. Kb2 Bd7 59. Nd4 Be8 60. e5 Bxg6 61. e6 b3 62. e7 Kb4 63. Ne6 Kc4 64. Nxg7 Kd4 65. Kxb3 Bf7+ 66. Kc2 Ke4 67. Kc3 Bg6 68. Kc4 Bf7+ 69. Kc5 Bg6 70. Kd6 Bf7 71. Kd7 Bg6 72. Ke6 1-0

[Event "Edward Lasker Memorial 108th"]
[Site "New York"]
[Date "2024.12.15"]
[Round "7"]
[White "Rohde, Michael A"]
[Black "Su, Jasmine Zhixin"]
[Result "0-1"]
[WhiteElo "2286"]
[BlackElo "2162"]
[PlyCount "78"]
[EventDate "2024.12.12"]
[EventType "swiss"]
[EventRounds "7"]
[EventCountry "USA"]
[SourceTitle "CB51_2024"]
[SourceDate "2024.12.18"]
[SourceVersion "1"]
[SourceVersionDate "2024.12.18"]
[SourceQuality "1"]

1. Nf3 Nf6 2. c4 g6 3. Nc3 d5 4. cxd5 Nxd5 5. Qa4+ Bd7 6. Qh4 Nxc3 7. dxc3 Nc6 8. e4 e5 9. Bg5 Be7 10. Bc4 h6 11. Bxe7 Qxe7 12. 0-0-0 Qxh4 13. Nxh4 Rd8 14. g3 Ke7 15. f4 exf4 16. gxf4 g5 17. Ng2 Be6 18. Bd5 Bh3 19. Rdg1 Rdg8 20. Bxc6 bxc6 21. f5 h5 22. Ne3 g4 23. Nd1 Kf6 24. Kd2 Rd8+ 25. Ke3 Rhe8 26. Nf2 Rd5 27. Nxh3 gxh3 28. Rf1 Rde5 29. Rf4 Rg8 30. Rhf1 Rg2 31. R1f2 Kg5 32. f6 Kg6 33. Kd4 Rgg5 34. b4 c5+ 35. bxc5 Rxc5 36. R4f3 Rc6 37. e5 Rg4+ 38. Kd5 Rgc4 39. Rg3+ Kh6 0-1

[Event "Edward Lasker Memorial 108th"]
[Site "New York"]
[Date "2024.12.14"]
[Round "4"]
[White "Su, Jasmine Zhixin"]
[Black "Lin, Bryan Enming"]
[Result "1-0"]
[WhiteElo "2162"]
[BlackElo "2359"]
[PlyCount "111"]
[EventDate "2024.12.12"]
[EventType "swiss"]
[EventRounds "7"]
[EventCountry "USA"]
[SourceTitle "CB51_2024"]
[SourceDate "2024.12.18"]
[SourceVersion "1"]
[SourceVersionDate "2024.12.18"]
[SourceQuality "1"]

1. e4 e5 2. Nf3 Nc6 3. Bc4 Nf6 4. d3 Bc5 5. c3 d6 6. 0-0 a5 7. Re1 h6 8. Nbd2 0-0 9. h3 a4 10. a3 Bd7 11. Nf1 Na5 12. Ba2 Re8 13. Be3 Bxe3 14. Nxe3 b5 15. Qc2 c5 16. Nd5 Be6 17. Rad1 Nxd5 18. exd5 Bf5 19. Qd2 Qf6 20. Re3 c4 21. d4 Bd3 22. dxe5 dxe5 23. Rde1 e4 24. Nd4 Red8 25. f3 Rxd5 26. fxe4 Re5 27. Rf3 Qg6 28. Qf4 Rae8 29. Rg3 Rxe4 30. Rxe4 Qxe4 31. Qc7 Qe5 32. Qxe5 Rxe5 33. Kf2 Nb7 34. Nc6 Re2+ 35. Kf3 Rxb2 36. Nb4 Rb3 37. Bxb3 axb3 38. Nxd3 cxd3 39. Rg4 Nd6 40. Rb4 Nc4 41. Rxb5 b2 42. a4 f5 43. a5 Nxa5 44. Rxb2 Nc4 45. Rb8+ Kf7 46. Rd8 Ke6 47. Rd4 Ne5+ 48. Ke3 g5 49. c4 f4+ 50. Ke4 d2 51. c5 Nc4 52. c6 Nd6+ 53. Kf3 Nb5 54. Rxd2 Ke5 55. Kg4 Ke4 56. Rd7 1-0

[Event "USA-ch U20 Girls"]
[Site "Saint Louis"]
[Date "2024.07.24"]
[Round "8"]
[White "Su, Jasmine Zhixin"]
[Black "Atwell, Rose"]
[Result "1/2-1/2"]
[WhiteElo "2051"]
[BlackElo "2277"]
[PlyCount "114"]
[EventDate "2024.07.16"]
[EventType "tourn"]
[EventRounds "9"]
[EventCountry "USA"]
[SourceTitle "EXT 2025"]
[Source "ChessBase"]
[SourceDate "2024.10.14"]
[SourceVersion "1"]
[SourceVersionDate "2024.10.14"]
[SourceQuality "1"]

1. e4 c5 2. Nf3 Nc6 3. d4 cxd4 4. Nxd4 e5 5. Nb5 d6 6. N1c3 a6 7. Na3 Be7 8. Nc4 b5 9. Ne3 Nf6 10. Bd3 0-0 11. 0-0 Nb4 12. a4 Nxd3 13. Qxd3 b4 14. Ncd5 Nxd5 15. Nxd5 a5 16. Rd1 Be6 17. Be3 Bxd5 18. Qxd5 Qc7 19. Rac1 Rfc8 20. c4 b3 21. Rd3 Rab8 22. Bd2 Qc6 23. Qxc6 Rxc6 24. f3 Bd8 25. Kf1 Kf8 26. Ke2 Rbc8 27. Rxb3 Rxc4 28. Rxc4 Rxc4 29. Rb8 Ke7 30. b3 Rc5 31. Kd3 d5 32. b4 Rc4 33. Bc3 axb4 34. Bxe5 f6 35. exd5 Rc5 36. Rb7+ Ke8 37. Bd4 Rxd5 38. Rxb4 Bc7 39. h3 Rg5 40. g4 h5 41. Rb5 Rxb5 42. axb5 hxg4 43. fxg4 Kd7 44. h4 Ke6 45. h5 Kd5 46. Bxf6 gxf6 47. h6 f5 48. h7 Be5 49. gxf5 Kc5 50. Ke4 Bh8 51. b6 Kxb6 52. Kd5 Kc7 53. Ke6 Kd8 54. Kf7 Kd7 55. Kg8 Ke8 56. Kxh8 Kf8 57. f6 Kf7 1/2-1/2

[Event "USA-ch U20 Girls"]
[Site "Saint Louis"]
[Date "2024.07.20"]
[Round "5"]
[White "Vidyarthi, Omya"]
[Black "Su, Jasmine Zhixin"]
[Result "1-0"]
[WhiteElo "2087"]
[BlackElo "2051"]
[PlyCount "61"]
[EventDate "2024.07.16"]
[EventType "tourn"]
[EventRounds "9"]
[EventCountry "USA"]
[SourceTitle "EXT 2025"]
[Source "ChessBase"]
[SourceDate "2024.10.14"]
[SourceVersion "1"]
[SourceVersionDate "2024.10.14"]
[SourceQuality "1"]

1. Nf3 Nf6 2. c4 g6 3. Nc3 d5 4. cxd5 Nxd5 5. h4 h5 6. Qb3 Nb6 7. Ng5 e6 8. g3 Bg7 9. Bg2 Nc6 10. 0-0 0-0 11. a4 Nd4 12. Qd1 c5 13. e3 Nc6 14. f4 Nd5 15. e4 Nf6 16. e5 Qd4+ 17. Kh1 Ng4 18. Nb5 Qd3 19. Ra3 Qd8 20. Qc2 Qb6 21. Nd6 Nd4 22. Qe4 f5 23. exf6 Qxd6 24. fxg7 Kxg7 25. b4 e5 26. bxc5 Qxc5 27. Rc3 Qa5 28. Ba3 Rf5 29. Bd6 Kg8 30. Rxc8+ Rxc8 31. Qxb7 1-0

[Event "USA-ch U20 Girls"]
[Site "Saint Louis"]
[Date "2024.07.17"]
[Round "2"]
[White "Su, Jasmine Zhixin"]
[Black "Paragua, Megan Althea"]
[Result "1/2-1/2"]
[WhiteElo "2051"]
[BlackElo "2041"]
[PlyCount "86"]
[EventDate "2024.07.16"]
[EventType "tourn"]
[EventRounds "9"]
[EventCountry "USA"]
[SourceTitle "EXT 2025"]
[Source "ChessBase"]
[SourceDate "2024.10.14"]
[SourceVersion "1"]
[SourceVersionDate "2024.10.14"]
[SourceQuality "1"]

1. e4 c5 2. Nf3 e6 3. d4 cxd4 4. Nxd4 Nf6 5. Nc3 Nc6 6. Nxc6 bxc6 7. e5 Nd5 8. Ne4 Bb7 9. Be2 c5 10. 0-0 Qc7 11. Nd6+ Bxd6 12. exd6 Qc6 13. f3 c4 14. Qd4 0-0 15. Bxc4 Qxd6 16. b3 Qb6 17. Qxb6 Nxb6 18. Bd3 d5 19. Bb2 Rfc8 20. Rfe1 Nd7 21. Rac1 Rc7 22. Bf1 Rac8 23. c4 Kf8 24. Ba3+ Ke8 25. f4 dxc4 26. Bxc4 g6 27. Rcd1 Nb6 28. Bd3 Rd8 29. Bb5+ Bc6 30. Rc1 Kd7 31. Ba6 Nd5 32. g3 Rb8 33. Red1 Bb5 34. Rxc7+ Kxc7 35. Rc1+ Kd7 36. Bxb5+ Rxb5 37. Bc5 Rb7 38. Kf2 Rc7 39. Kf3 Nb4 40. Rd1+ Nd5 41. Rc1 Nb4 42. Rd1+ Nd5 43. Rc1 Nb4 1/2-1/2

[Event "Dulles Cherry Blossom op 11th"]
[Site "Dulles"]
[Date "2024.05.26"]
[Round "7"]
[White "Aravindakshan, Sahana"]
[Black "Su, Jasmine Zhixin"]
[Result "1/2-1/2"]
[WhiteElo "1926"]
[BlackElo "2086"]
[PlyCount "109"]
[EventDate "2024.05.22"]
[EventType "swiss"]
[EventRounds "9"]
[EventCountry "USA"]
[SourceTitle "CBM 220 Extra"]
[Source "ChessBase"]
[SourceDate "2024.07.31"]
[SourceVersion "1"]
[SourceVersionDate "2024.07.31"]
[SourceQuality "1"]

1. d4 Nf6 2. c4 g6 3. Nc3 d5 4. cxd5 Nxd5 5. e4 Nxc3 6. bxc3 Bg7 7. Qa4+ Nd7 8. Nf3 0-0 9. Be2 c5 10. Qa3 b6 11. 0-0 cxd4 12. cxd4 Bb7 13. Qe3 Nc5 14. e5 Ne6 15. Bb2 Rc8 16. Rfc1 Qd5 17. a4 Rfd8 18. Rxc8 Rxc8 19. Ne1 Rd8 20. Bf3 Qd7 21. Bxb7 Qxb7 22. Nf3 h5 23. Qb3 Qd5 24. Qb4 Rd7 25. a5 bxa5 26. Rxa5 Qe4 27. Ra1 Bh6 28. Qb8+ Kg7 29. Qc8 Rc7 30. Qa6 Rb7 31. Re1 Qd5 32. Bc1 Bxc1 33. Rxc1 Rd7 34. Rd1 Qb3 35. Qd3 Qxd3 36. Rxd3 g5 37. h3 g4 38. hxg4 hxg4 39. Nh4 Kh6 40. g3 Nc7 41. Nf5+ Kg5 42. Ne3 e6 43. Kg2 Nb5 44. d5 exd5 45. Nxd5 a5 46. f4+ gxf3+ 47. Kxf3 a4 48. Ke3 a3 49. Nb4 Ra7 50. Na2 Rc7 51. Rd5 Nc3 52. Nxc3 Rxc3+ 53. Kd2 a2 54. Ra5 Rxg3 55. e6+ 1/2-1/2

[Event "Dulles Cherry Blossom op 11th"]
[Site "Dulles"]
[Date "2024.05.25"]
[Round "5"]
[White "Lane, Thomas1"]
[Black "Su, Jasmine Zhixin"]
[Result "1/2-1/2"]
[WhiteElo "1943"]
[BlackElo "2086"]
[PlyCount "92"]
[EventDate "2024.05.22"]
[EventType "swiss"]
[EventRounds "9"]
[EventCountry "USA"]
[SourceTitle "CBM 220 Extra"]
[Source "ChessBase"]
[SourceDate "2024.07.31"]
[SourceVersion "1"]
[SourceVersionDate "2024.07.31"]
[SourceQuality "1"]

1. e4 c5 2. Nf3 d6 3. d4 cxd4 4. Nxd4 Nf6 5. Nc3 a6 6. Be2 e5 7. Nb3 Be7 8. 0-0 0-0 9. Kh1 Nc6 10. Be3 Be6 11. Bf3 Rc8 12. Nd5 Bxd5 13. exd5 Na5 14. c3 Nc4 15. Bc1 Nd7 16. Nd2 Bg5 17. Nxc4 Rxc4 18. Qd3 Rc7 19. Bg4 Nc5 20. Qc2 Bxc1 21. Raxc1 Qg5 22. Qf5 Qxf5 23. Bxf5 Na4 24. Rc2 g6 25. Bd3 b5 26. Rd2 Nb6 27. Be2 f5 28. f4 exf4 29. Rxf4 Re7 30. Kg1 Rfe8 31. Kf1 Nxd5 32. Rfd4 Ne3+ 33. Kf2 Nxg2 34. Rxd6 Nf4 35. Bf1 Ne6 36. Bg2 Nc5 37. Rc6 Ne4+ 38. Bxe4 fxe4 39. Ke3 Re5 40. Rxa6 Rh5 41. Rad6 Rh3+ 42. Kd4 e3 43. Re2 Rxh2 44. Rxh2 e2 45. Rh1 e1Q 46. Rxe1 Rxe1 1/2-1/2

[Event "Dulles Cherry Blossom op"]
[Site "Dulles"]
[Date "2022.05.30"]
[Round "8"]
[White "Su, Jasmine Zhixin"]
[Black "Haldankar, Ameya"]
[Result "1/2-1/2"]
[WhiteElo "1984"]
[BlackElo "1687"]
[PlyCount "105"]
[EventDate "2022.05.26"]
[EventType "swiss"]
[EventRounds "9"]
[EventCountry "USA"]
[SourceTitle "CBM 208 Extra"]
[Source "ChessBase"]
[SourceDate "2022.07.31"]
[SourceVersion "1"]
[SourceVersionDate "2022.07.31"]
[SourceQuality "1"]

1. e4 e5 2. Nf3 Nc6 3. Bc4 Bc5 4. c3 Nf6 5. d3 d6 6. 0-0 0-0 7. Re1 a6 8. a4 h6 9. h3 Be6 10. Bxe6 fxe6 11. Nbd2 Ba7 12. Nf1 Ne7 13. Be3 Bxe3 14. Rxe3 Ng6 15. g3 Qd7 16. Kg2 Rf7 17. N1h2 Raf8 18. Qc2 d5 19. Rd1 Qc6 20. exd5 Nxd5 21. Re4 Nf6 22. Ree1 Nh7 23. Re4 Rf5 24. Rde1 Ng5 25. Nxg5 Rxg5 26. Kh1 Rgf5 27. R1e2 Qd5 28. Kg1 Rg5 29. h4 Rgf5 30. Ng4 Qc5 31. d4 exd4 32. cxd4 Qxc2 33. Rxc2 c6 34. Rxe6 Kf7 35. Re4 Re8 36. Rxe8 Kxe8 37. Ne3 Rf6 38. Kf1 Kd7 39. Ke2 Ne7 40. Kd3 Nd5 41. Re2 Nxe3 42. Kxe3 Kd6 43. Kd3 Rf3+ 44. Ke4 Rf6 45. f3 Re6+ 46. Kd3 Rf6 47. Re3 Rg6 48. g4 Rf6 49. b3 Rf4 50. h5 b5 51. axb5 axb5 52. b4 Rf7 53. Ke4 1/2-1/2

[Event "Dulles Cherry Blossom op"]
[Site "Dulles"]
[Date "2022.05.29"]
[Round "6"]
[White "Su, Jasmine Zhixin"]
[Black "Pang, Qi"]
[Result "1/2-1/2"]
[WhiteElo "1984"]
[BlackElo "1818"]
[PlyCount "60"]
[EventDate "2022.05.26"]
[EventType "swiss"]
[EventRounds "9"]
[EventCountry "USA"]
[SourceTitle "CBM 208 Extra"]
[Source "ChessBase"]
[SourceDate "2022.07.31"]
[SourceVersion "1"]
[SourceVersionDate "2022.07.31"]
[SourceQuality "1"]

1. e4 e5 2. Nf3 Nc6 3. Bc4 Bc5 4. c3 Nf6 5. d3 d6 6. 0-0 0-0 7. Re1 a6 8. a4 Ba7 9. h3 Ne7 10. Nbd2 Ng6 11. Nf1 c6 12. Bb3 Re8 13. Ng3 h6 14. d4 Qc7 15. Bc2 Be6 16. Be3 Rad8 17. Qe2 Nf4 18. Qf1 Bb6 19. Rad1 Bc8 20. Kh2 g5 21. Bxf4 exf4 22. Nf5 Bxf5 23. exf5 Qc8 24. Rxe8+ Rxe8 25. Re1 Bc7 26. Re2 Kf8 27. Qe1 Qd7 28. Rxe8+ Qxe8 29. Qxe8+ Kxe8 30. Nd2 Ke7 1/2-1/2

[Event "Dulles Cherry Blossom op"]
[Site "Dulles"]
[Date "2022.05.27"]
[Round "3"]
[White "Su, Jasmine Zhixin"]
[Black "Steingrimsson, Hedinn"]
[Result "0-1"]
[WhiteElo "1984"]
[BlackElo "2534"]
[PlyCount "112"]
[EventDate "2022.05.26"]
[EventType "swiss"]
[EventRounds "9"]
[EventCountry "USA"]
[SourceTitle "CBM 208 Extra"]
[Source "ChessBase"]
[SourceDate "2022.07.31"]
[SourceVersion "1"]
[SourceVersionDate "2022.07.31"]
[SourceQuality "1"]

1. e4 e5 2. Nf3 Nc6 3. Bc4 Nf6 4. d3 h6 5. 0-0 d6 6. a4 g5 7. Nc3 Bg7 8. Re1 0-0 9. h3 g4 10. hxg4 Bxg4 11. Be3 Qd7 12. Qe2 Kh8 13. Qf1 Bxf3 14. gxf3 Nh7 15. Kh2 Nd4 16. Bxd4 exd4 17. Ne2 f5 18. f4 Nf6 19. Qh3 Rae8 20. exf5 d5 21. Bb3 c5 22. c4 dxc3 23. bxc3 Ng8 24. d4 Qxf5 25. Qxf5 Rxf5 26. dxc5 Rc8 27. Bc2 Rf7 28. Rab1 Rxc5 29. Rb5 Rxb5 30. axb5 Re7 31. Bd3 Bxc3 32. Rc1 Ba5 33. Nd4 Bd2 34. Rc5 Bxf4+ 35. Kg2 Nf6 36. Rc8+ Re8 37. Rc2 h5 38. Nf5 Kg8 39. Ra2 Bb8 40. Kf3 Kf7 41. Rc2 Ng4 42. Kg2 Kf6 43. Nd4 Rg8 44. Kf1 h4 45. Nf3 h3 46. Rc5 h2 47. Nxh2 Nxh2+ 48. Ke2 Re8+ 49. Kd1 Ng4 50. Rxd5 Nxf2+ 51. Kc2 Nxd3 52. Rxd3 Ke6 53. Kb3 Rg8 54. Kc4 Rg4+ 55. Kc5 Rg5+ 56. Kc4 Bd6 0-1